Countries Germany Has Invaded - Statistics

General Stats
  • This quiz has been taken 211 times
  • The average score is 7 of 15
Answers on the Grid
Answers color-coded by a green-red scale on the quiz's grid according to % correct below.
France
Belgium
South Africa
Papua New Guinea
Eygpt
Sweden
Japan
Congo
Pakistan
Czech Republic
United States
Netherlands
Spain
Russia
Portugal
Poland
Andorra
Italy
Montenegro
Indonesia
Greece
Thailand
Vietnam
Gabon
India
Mexico
Turkey
Cameroon
Bangladesh
Georgia
 
Answer Stats
Answer % Correct
France
97%
Belgium
89%
Poland
63%
Netherlands
61%
Russia
60%
Czech Republic
58%
Greece
52%
Italy
48%
Montenegro
35%
Eygpt
32%
Papua New Guinea
24%
Cameroon
23%
Congo
20%
Spain
14%
Gabon
12%
No matching quizzes found
Score Distribution
Percent of People with Each Score
Percentile by Number Answered
Your Score History
You have not taken this quiz